01329nam a22002177a 450000500170000000800410001702000180005804000070007604100080008308200180009110000190010924500460012826000270017430000260020136500910022752007070031865000220102565000150104765000300106270000190109220260325151548.0260325b |||||||| |||| 00| 0 eng d a9788126579950 cAL aeng a005.768bGAID aDeepak Gaikwad aDevops tools from practitioners viewpoint aNew DelhibWileyc2019 axix,154pbPBc24x18cm 2Information Science and EngineeringaVBI-2645b₹561.75c₹d749.00e25%f20-02-2026 aThis book includes proven step-by-step methodology to adopt DevOps in any project. It provides precise knowledge of tools to architect effective pipelines by selecting tools suitable for specific scenarios. Readers can do this by using features, comparative study, pros and cons, reference architectures and much more about most of the popular tools in open-source and proprietary market. Basic and advance Agile and DevOps concepts in practical context have been discussed to lay strong knowledge foundation for the readers. As DevOps is a continuous process, the establishment of governance around DevOps has been discussed to ensure that projects continue to evolve as they progress in this journey. aAgile Methodology aTool Suits aInfrastructure Management aThakkar, Viral